[Event "Ch Europe (active)"]
[Site "masterchessopen.com Warsaw (Poland)"]
[Date "2005.12.17"]
[Round "7"]
[White "Zawadzka Jolanta (POL)"]
[Black "Fedorchuk Sergey A (UKR)"]
[Result "1-0"]
[WhiteElo "2381"]
[BlackElo "2564"]

1.e4 c5 2.Nf3 d6 3.d4 cxd4 4.Nxd4 Nf6 5.Nc3 a6 6.Bg5 Nbd7 7.Bc4 e6 8.Qe2 b5
9.Bb3 Nc5 10.O-O-O Qc7 11.Bxf6 gxf6 12.Rhe1 b4 13.Nd5 Bh6+ 14.Ne3 Bb7 15.Kb1
Nxe4 16.Qh5 Bxe3 17.Nxe6 Qd7 18.Rxe3 Ke7 19.Nc5 dxc5 20.Rxd7+ Kxd7 21.Qxf7+
Kc8 22.Bd5 Nd6 23.Qe6+ Kc7 24.Qe7+ Kc8 25.Qxd6 Rd8 26.Be6+ {#r} 1-0

[Event "Ch Slovakia (team) 2005/06 (1 liga) West"]
[Site "masterchessopen.com Slovakia"]
[Round "8"]
[White "Smolen Jan (SVK)"]
[Black "Havlicek Libor (SVK)"]
[Result "1-0"]
[WhiteElo "2327"]
[BlackElo "2172"]

1.e4 c5 2.Nf3 d6 3.d4 cxd4 4.Nxd4 Nf6 5.Nc3 a6 6.Bg5 Nbd7 7.f4 Qb6 8.Qd2 Qxb2
9.Rb1 Qa3 10.Bxf6 gxf6 11.Nd5 Rb8 12.Rb3 Qxa2 13.Bxa6 Nc5 14.Bb5+ Bd7 15.Bxd7+
Kxd7 16.Qb4 Nxb3 17.Qb5+ Kd8 18.Qb6+ Ke8 19.Qb5+ Kd8 20.Nc6+ Kc8 21.Na7+ Kd8
22.Nc6+ Kc8 23.Ncxe7+ Bxe7 24.Qc4+ Nc5 25.Qxa2 Bd8 26.Qa3 Re8 27.Qh3+ Re6
28.O-O Ra8 29.Qxh7 Rxe4 30.h4 Re2 31.h5 Ne4 32.Qxf7 {#r} 1-0

[Event "It (cat.1) (b)"]
[Site "masterchessopen.com Budapest (Hungary)"]
[Date "2006.03.06"]
[Round "3"]
[White "Farago Sandor (HUN)"]
[Black "Arjun Vishnuvardhan (IND)"]
[Result "1-0"]
[WhiteElo "2279"]
[BlackElo "2257"]

1.e4 c5 2.Nf3 d6 3.d4 cxd4 4.Nxd4 Nf6 5.Nc3 a6 6.Bg5 Nbd7 7.Qd2 e6 8.O-O-O Be7
9.f3 Qc7 10.g4 b5 11.a3 Ne5 12.f4 Nc4 13.Bxc4 bxc4 14.e5 dxe5 15.fxe5 Qxe5
16.Nc6 Qc7 17.Nxe7 Qxe7 18.Ne4 Bb7 19.Bxf6 gxf6 20.Nd6+ Kf8 21.Qh6+ Kg8
22.Rhf1 c3 23.b4 Bc6 24.Rxf6 Qf8 25.Qg5+ Qg7 26.Qf4 Be8 27.Rf1 h6 28.h4 Rh7
29.g5 hxg5 30.hxg5 Bb5 31.g6 fxg6 32.Qe4 {#r} 1-0

[Event "Cup Hamont (cat.3)"]
[Site "masterchessopen.com Frydek-Mistek (Czech Republic)"]
[Date "2006.04.13"]
[Round "1"]
[White "Ponizil Cyril (CZE)"]
[Black "Lahner Jakub (CZE)"]
[Result "0-1"]
[WhiteElo "2226"]
[BlackElo "2294"]

1.e4 c5 2.Nf3 d6 3.d4 cxd4 4.Nxd4 Nf6 5.Nc3 a6 6.Bg5 Nbd7 7.f4 b5 8.Qf3 Bb7
9.Bd3 Qb6 10.Nb3 e6 11.O-O-O Be7 12.f5 b4 13.fxe6 Ne5 14.exf7+ Kxf7 {#R} 0-1

[Event "Tournament (juniors) \"]
[Site "masterchessopen.com Novi Sad (Yugoslavia)"]
[Date "2006.07.03"]
[Round "3"]
[White "Can Emre (TUR)"]
[Black "Zemouli Issam (ALG)"]
[Result "1-0"]
[WhiteElo "2399"]
[BlackElo "2067"]

1.e4 c5 2.Nf3 d6 3.d4 cxd4 4.Nxd4 Nf6 5.Nc3 a6 6.Bg5 Nbd7 7.Bc4 Nc5 8.Bxf6
gxf6 9.Qh5 e6 10.b4 b5 11.Be2 Nb7 12.O-O Qc7 13.Nd1 e5 14.Nf5 Qxc2 15.Nde3 Qc7
16.Nd5 Qd8 17.Rac1 Bxf5 18.Nc7+ Ke7 19.Nd5+ Ke8 20.Qxf5 Bh6 21.Rc7 {#r} 1-0

[Event "Memorial E. Afromeevoi"]
[Site "masterchessopen.com Tula (Russia)"]
[Date "2006.07.03"]
[Round "6"]
[White "Arakeljan Armen M (ARM)"]
[Black "Zaitsev Alexander (RUS)"]
[Result "0-1"]
[WhiteElo "2293"]
[BlackElo "2416"]

1.e4 c5 2.Nf3 d6 3.d4 cxd4 4.Nxd4 Nf6 5.Nc3 a6 6.Bg5 Nbd7 7.Be2 b5 8.a3 Bb7
9.Bf3 Rc8 10.O-O e6 11.Re1 Be7 12.Qe2 O-O 13.Rad1 Qc7 14.g3 Ne5 15.Bg2 Nc4
16.Bc1 Nxa3 17.bxa3 Qxc3 18.e5 Bxg2 19.exf6 Bxf6 20.Nxe6 Bf3 21.Qd3 fxe6
22.Qxd6 Bxd1 {#R} 0-1

[Event "Ch Ecuador (juniors) (under 17)"]
[Site "masterchessopen.com Ecuador"]
[Date "2006.07.08"]
[Round "7"]
[White "Monar Cesar (ECU)"]
[Black "Velastegui David (ECU)"]
[Result "1-0"]
[WhiteElo "1944"]
[BlackElo "1885"]

1.e4 c5 2.Nf3 d6 3.d4 cxd4 4.Nxd4 Nf6 5.Nc3 a6 6.Bg5 Nbd7 7.f4 Qc7 8.Qf3 b5
9.e5 Bb7 10.exd6 exd6 11.Qe3+ Be7 12.Nf5 Nc5 13.Nxg7+ Kd7 14.Qd4 Qd8 15.O-O-O
Ne6 16.Nxe6 fxe6 17.Bxf6 Bxf6 18.Qxd6+ Ke8 19.Qxe6+ Qe7 20.Qxe7+ Kxe7 21.Nd5+
Bxd5 22.Rxd5 b4 23.Bc4 a5 24.Re1+ Kf8 25.Re6 Be7 26.Rf5+ Ke8 27.Rfe5 {#r} 1-0

[Event "It (open) \"]
[Site "masterchessopen.com Minsk (Belarus)"]
[Date "2006.07.10"]
[Round "1"]
[White "Azarov Sergei (BLR)"]
[Black "Viarbitski Dzmitry (BLR)"]
[Result "1-0"]
[WhiteElo "2566"]
[BlackElo "2200"]

1.e4 c5 2.Nf3 d6 3.d4 cxd4 4.Nxd4 Nf6 5.Nc3 a6 6.Bg5 Nbd7 7.Bc4 Qa5 8.Qd2 e6
9.O-O-O b5 10.Bb3 b4 11.Nd5 exd5 12.Nc6 Qb5 13.exd5 Ne5 14.Rhe1 Nd7 15.f4 f6
16.Bh4 a5 17.Nd4 Qb6 18.Ba4 Kf7 19.Ne6 Ng6 20.Bf2 Nc5 21.Nxc5 dxc5 22.d6 Nxf4
23.Qxf4 g6 24.d7 Bb7 25.Bb3+ Kg7 26.Re6 Qd8 27.Bh4 {#r} 1-0

[Event "Ch Europe (juniors) (under 18)"]
[Site "masterchessopen.com Herceg Novi (Montenegro)"]
[Date "2006.09.11"]
[Round "2"]
[White "Krivoborodov Egor (RUS)"]
[Black "Taras Dan (ROM)"]
[Result "1-0"]
[WhiteElo "2394"]
[BlackElo "2146"]

1.e4 c5 2.Nf3 d6 3.d4 cxd4 4.Nxd4 Nf6 5.Nc3 a6 6.Bg5 Nbd7 7.Be2 b5 8.Nd5 Bb7
9.Bxf6 Nxf6 10.Nxf6+ gxf6 11.Bf3 Qc7 12.O-O e6 13.Re1 O-O-O 14.Re3 Kb8 15.a4
b4 16.Rd3 Be7 17.Nb3 e5 18.c4 bxc3 19.Rxc3 Qb6 20.Nd2 Rc8 21.Nc4 Qd4 22.Qb3
Rc6 23.Rd1 Qa7 24.Na5 Rb6 25.Qxf7 Bd8 26.Rdc1 {#r} 1-0

[Event "Ch Europe (juniors) (under 18)"]
[Site "masterchessopen.com Herceg Novi (Montenegro)"]
[Date "2006.09.19"]
[Round "9"]
[White "Janovsky Jozef (SVK)"]
[Black "Taras Dan (ROM)"]
[Result "0-1"]
[WhiteElo "2166"]
[BlackElo "2146"]

1.e4 c5 2.Nf3 d6 3.d4 cxd4 4.Nxd4 Nf6 5.Nc3 a6 6.Bg5 Nbd7 7.Bc4 e6 8.Qd2 Nc5
9.f3 b5 10.Bb3 Nxb3 11.Nxb3 Be7 12.O-O-O Bd7 13.Be3 a5 14.Kb1 Qc7 15.g4 O-O
16.g5 Nh5 17.f4 Rfc8 18.Ne2 Bc6 19.Qd3 d5 20.exd5 Bxd5 21.Rhe1 b4 22.Nbc1 a4
23.f5 Qb7 24.g6 hxg6 25.fxg6 Be4 26.gxf7+ Kxf7 27.Qd4 Bxc2+ 28.Ka1 Rd8 29.Qe5
Rxd1 30.Qxh5+ Bg6 {#R} 0-1

[Event "Czech League 2006/07 (2nd) (e)"]
[Site "masterchessopen.com Czech Republic"]
[Date "2006.10.15"]
[Round "1"]
[White "Zdrazil Tomas (CZE)"]
[Black "Travnicek Petr (CZE)"]
[Result "1-0"]
[WhiteElo "2002"]
[BlackElo "2137"]

1.e4 c5 2.Nf3 d6 3.d4 cxd4 4.Nxd4 Nf6 5.Nc3 a6 6.Bg5 Nbd7 7.Qd2 Qc7 8.Nd5 Nxd5
9.exd5 Nb6 10.c4 g6 11.Rc1 Bg7 12.Bh6 Bf6 13.Be2 Bd7 14.O-O Rc8 15.b3 Rd8
16.Rfe1 Bc8 17.Nf3 Nd7 18.Ng5 Ne5 19.Ne4 Nd7 20.Nxf6+ Nxf6 21.Bg7 Ne4 22.Qh6
Rg8 23.Qxh7 {#r} 1-0

[Event "It (open)"]
[Site "masterchessopen.com Etang Sale (France)"]
[Date "2006.10.19"]
[Round "6"]
[White "Li Ying Patrick (MRI)"]
[Black "Dalleau Philippe (FRA)"]
[Result "1-0"]
[WhiteElo "2171"]
[BlackElo "1862"]

1.e4 c5 2.Nf3 d6 3.d4 cxd4 4.Nxd4 Nf6 5.Nc3 a6 6.Bg5 Nbd7 7.f4 Qa5 8.Qf3 h6
9.Bh4 g5 10.Nb3 Qc7 11.fxg5 hxg5 12.Bxg5 Ne5 13.Qd1 Bg7 14.Bxf6 Bxf6 15.Nd5
Qd8 16.Nxf6+ exf6 17.Qd4 Bg4 18.Bd3 Qc7 19.h3 Bh5 20.Rf1 Qe7 21.g4 Bg6 22.Qe3
O-O-O 23.O-O-O d5 24.Qa7 Nc6 25.Qb6 Bxe4 26.Bxa6 Bxc2 27.Qxc6+ Qc7 28.Bxb7+
Kb8 29.Qxc7+ Kxc7 30.Kxc2 Kxb7 31.Rf3 {#r} 1-0

[Event "It \"]
[Site "masterchessopen.com Kharkov (Ukraine)"]
[Date "2006.11.02"]
[Round "3"]
[White "Atakisi Umut (TUR)"]
[Black "Zubarev Alexander (UKR)"]
[Result "0-1"]
[WhiteElo "2394"]
[BlackElo "2490"]

1.e4 c5 2.Nf3 d6 3.d4 cxd4 4.Nxd4 Nf6 5.Nc3 a6 6.Bg5 Nbd7 7.Bc4 b5 8.Bb3 Bb7
9.Qe2 h6 10.Bxf6 Nxf6 11.O-O-O Rc8 12.Rhe1 e5 13.Nd5 exd4 14.e5 Nxd5 15.exd6+
Kd7 16.Qg4+ Kxd6 17.Qxd4 Kc7 18.Bxd5 Qxd5 19.Qf4+ Bd6 20.Re7+ Kb8 21.Qxd6+
Qxd6 22.Rxd6 Rc7 23.Rdd7 Rhc8 24.Rxf7 Rxc2+ 25.Kd1 Bxg2 26.Rxg7 Bf3+ {#R} 0-1

[Event "It (open) (active) (play-off)"]
[Site "masterchessopen.com Venacu (France)"]
[Date "2006.11.02"]
[Round "1"]
[White "Battesti Saveriu (FRA)"]
[Black "Naiditsch Arkadij (GER)"]
[Result "0-1"]
[WhiteElo "1913"]
[BlackElo "2676"]

1.e4 c5 2.Nf3 d6 3.d4 cxd4 4.Nxd4 Nf6 5.Nc3 a6 6.Bg5 Nbd7 7.Be2 b5 8.f3 Bb7
9.Qd2 e6 10.O-O-O Be7 11.h4 O-O 12.h5 b4 13.Na4 Qa5 14.b3 Nxe4 15.Bf1 Qd8 {#R}
0-1

[Event "Ch Mittelfranken (team) (B2b) 2006/07"]
[Site "masterchessopen.com Germany"]
[Date "2006.12.03"]
[Round "3"]
[White "Margraf Matthias (GER)"]
[Black "Schanz Karlheinz (GER)"]
[Result "1-0"]
[WhiteElo "1855"]
[BlackElo "1970"]

1.e4 c5 2.Nf3 d6 3.d4 cxd4 4.Nxd4 Nf6 5.Nc3 a6 6.Bg5 Nbd7 7.f4 Qa5 8.Qf3 g6
9.O-O-O Bg7 10.Bc4 Nc5 11.Bxf6 Bxf6 12.e5 dxe5 13.fxe5 Bg5+ 14.Kb1 O-O 15.h4
Bh6 16.h5 g5 17.Nd5 Qd8 18.Nf5 Bxf5 19.Qxf5 e6 20.Nf6+ Qxf6 21.Qxf6 Bg7
22.Qxg5 h6 23.Qe3 Rac8 24.Rhf1 Rc7 25.g4 Rfc8 26.g5 hxg5 27.Qxg5 Ne4 28.Rd8+
Kh7 29.Bd3 {#r} 1-0

[Event "Tournament \"]
[Site "masterchessopen.com Berlin (Germany)"]
[Date "2006.12.28"]
[Round "3"]
[White "Zur Jan (GER)"]
[Black "Casny Guenter (GER)"]
[Result "1-0"]
[WhiteElo "1850"]
[BlackElo "1885"]

1.e4 c5 2.Nf3 d6 3.d4 cxd4 4.Nxd4 Nf6 5.Nc3 a6 6.Bg5 Nbd7 7.Be2 Qa5 8.Qd2 h6
9.Be3 e6 10.f4 Be7 11.O-O-O Qc7 12.Bf3 Nb6 13.Be2 Bd7 14.g4 Nc4 15.Bxc4 Qxc4
16.h3 Qc7 17.g5 hxg5 18.fxg5 Nh5 19.g6 Nf6 20.gxf7+ Kxf7 21.Qg2 Rag8 22.Rdf1
Ke8 23.Qg6+ Kd8 24.Qf7 Qc8 25.Nf5 exf5 26.Bb6+ {#r} 1-0

[Event "It (open)"]
[Site "masterchessopen.com Tuggeranong (Australia)"]
[Date "2006.12.28"]
[Round "1"]
[White "Selnes Hamish (AUS)"]
[Black "Hvistendahl Robert (AUS)"]
[Result "1-0"]
[WhiteElo "1968"]
[BlackElo "1829"]

1.e4 c5 2.Nf3 d6 3.d4 Nf6 4.Nc3 cxd4 5.Nxd4 a6 6.Bg5 Nbd7 7.Bc4 g6 8.f3 Bg7
9.Qd2 b5 10.Bb3 Bb7 11.O-O-O O-O 12.h4 Ne5 13.Bh6 Nc4 14.Bxc4 bxc4 15.Bxg7
Kxg7 16.h5 Rh8 17.hxg6 hxg6 18.Nf5+ {#r} 1-0

[Event "Tournament (team) \"]
[Site "masterchessopen.com Warsaw (Poland)"]
[Date "2007.02.04"]
[Round "8"]
[White "Sowinski Jaroslaw (POL)"]
[Black "Wiszniowski Eugeniusz (POL)"]
[Result "0-1"]
[WhiteElo "1777"]
[BlackElo "1788"]

1.e4 c5 2.Nf3 d6 3.d4 cxd4 4.Nxd4 Nf6 5.Nc3 a6 6.Bg5 Nbd7 7.f4 h6 8.Bh4 Qa5
9.Qf3 e5 10.Nb3 Qc7 11.fxe5 Nxe5 12.Qf2 Nfg4 13.Qd4 g5 14.Bg3 Bg7 15.O-O-O Be6
16.Qxd6 Qxd6 17.Rxd6 O-O 18.Nc5 Bc4 19.Bxc4 Nxc4 20.Rd7 b5 21.h4 Rfc8 22.Nd3
Nxb2 23.Kxb2 Bxc3+ 24.Kb3 a5 25.a4 bxa4+ 26.Kxa4 Rc4+ 27.Kb3 Rac8 28.hxg5 a4+
29.Ka3 hxg5 30.Rh5 Bd2 31.Ne1 Bc1+ 32.Ka2 Nf6 {#R} 0-1

[Event "Ch Belgium (team) 2006/07"]
[Site "masterchessopen.com Belgium"]
[Date "2007.02.11"]
[Round "8"]
[White "Smits Mark (NED)"]
[Black "Piceu Tom (BEL)"]
[Result "1-0"]
[WhiteElo "2292"]
[BlackElo "2304"]

1.e4 c5 2.Nf3 d6 3.d4 cxd4 4.Nxd4 Nf6 5.Nc3 a6 6.Bg5 Nbd7 7.Bc4 b5 8.Bb3 Nc5
9.Bxf6 gxf6 10.Qh5 Nxb3 11.axb3 Bd7 12.O-O-O Rc8 13.Rhe1 Rg8 14.g3 Bg4 15.Qxh7
Rg7 16.Qh8 Bxd1 17.Nf5 Rg6 18.Rxd1 Rc6 19.Nd5 Kd7 20.Qh7 Qe8 21.Nf4 Rg5 22.h4
Rg4 23.f3 Rxf4 24.gxf4 Rc5 25.Rg1 a5 26.Rg8 a4 27.b4 a3 28.bxa3 Rc3 29.Nd4 e5
30.Nxb5 Rxf3 31.Qh8 Rf1+ 32.Kb2 {#r} 1-0

[Event "Ch Poland (juniors) (under 10)"]
[Site "masterchessopen.com Ustron (Poland)"]
[Date "2007.03.10"]
[Round "10"]
[White "Karwowski Kacper (POL)"]
[Black "Rytel Bartosz (POL)"]
[Result "1-0"]
[WhiteElo "1757"]
[BlackElo "1506"]

1.e4 c5 2.Nf3 d6 3.d4 cxd4 4.Nxd4 a6 5.Nc3 Nf6 6.Bg5 Nbd7 7.f4 Qc7 8.g4 Qa5
9.Nb3 Qb6 10.Qd2 Nxg4 11.Nd5 Qd8 12.Qc3 f6 13.Nc7+ Kf7 14.Nxa8 fxg5 15.f5 b5
16.Bc4+ bxc4 17.Qxc4+ d5 18.Qxd5+ Ke8 19.Qc4 e5 20.Nc7+ Qxc7 21.Qxc7 Kf7
22.O-O-O Nf2 23.Rxd7+ Bxd7 24.Qxd7+ Kg8 25.Qe6# 1-0

[Event "Tournament (swiss)"]
[Site "masterchessopen.com Lisbon (Portugal)"]
[Date "2007.05.02"]
[Round "3"]
[White "Gomes Goncalo Martins (POR)"]
[Black "Curado Manuel Joao Ferro (POR)"]
[Result "0-1"]
[WhiteElo "1761"]
[BlackElo "1943"]

1.e4 c5 2.Nf3 d6 3.d4 cxd4 4.Nxd4 Nf6 5.Nc3 a6 6.Bg5 Nbd7 7.Be2 h6 8.Be3 e6
9.O-O Nc5 10.f3 Bd7 11.Qd2 Be7 12.a4 b6 13.b4 Nb7 14.b5 e5 15.Nb3 a5 16.f4 Qc7
17.fxe5 dxe5 18.Rxf6 gxf6 19.Nd5 Qd6 20.Bxb6 Rc8 21.Be3 Be6 22.Nxa5 Bxd5
23.exd5 Nxa5 24.Qxa5 Rxc2 25.Qa8+ Bd8 26.Bf3 O-O 27.Bxh6 Bb6+ {#R} 0-1

[Event "Memorial K.Tsiolkovsky (open)"]
[Site "masterchessopen.com Kaluga (Russia)"]
[Date "2007.08.08"]
[Round "6"]
[White "Vitiuk Vladislav (RUS)"]
[Black "Sakov Anatolij J (RUS)"]
[Result "1-0"]
[WhiteElo "1970"]
[BlackElo "2124"]

1.e4 c5 2.Nf3 d6 3.d4 cxd4 4.Nxd4 Nf6 5.Nc3 a6 6.Bg5 Nbd7 7.Bc4 e6 8.O-O Qc7
9.Bxe6 fxe6 10.Nxe6 Qc4 11.Nd5 Kf7 12.Bxf6 Nxf6 13.Ng5+ Kg8 14.Nb6 Qc6 15.Nxa8
b5 16.e5 dxe5 17.Qf3 Bb7 18.Qxc6 Bxc6 19.Nc7 h6 20.Nge6 Bd6 21.Rad1 {#r} 1-0

[Event "It (open)"]
[Site "masterchessopen.com Kavala (Greece)"]
[Date "2007.08.11"]
[Round "8"]
[White "Kotronias Vasilios (GRE)"]
[Black "Kotanjian Tigran (ARM)"]
[Result "1-0"]
[WhiteElo "2614"]
[BlackElo "2534"]

{ Kotronias Vasilios (GRE) +2 =0 -0 } 1.e4 c5 2.Nf3 d6 3.d4 cxd4 4.Nxd4 Nf6
5.Nc3 a6 6.Bg5 Nbd7 7.f4 ( 7.Bc4 Qa5 8.Qd2 e6 9.O-O-O b5 10.Bb3 Bb7 11.Rhe1
O-O-O 12.f3 h6 13.Bh4 Be7 14.a3 Kb8 15.Kb1 Rc8 16.Bf2 Ne5 17.Qe3 Qb6 18.Qd2
Qa5 19.Nde2 Qc7 20.Qe3 Qc5 21.Qxc5 { 1-0, Kotronias Vasilios 2573 - Seres
Lajos 2440 , Kavala 2002 It (open) } ) 7...b5 { ?/= } 8.Bxf6 ( 8.Nd5 Bb7
9.Bxf6 gxf6 10.Qh5 Qc8 11.O-O-O Rg8 12.Be2 Rxg2 13.Rhg1 Rxe2 14.Qxe2 e6 15.Nc3
Nb6 16.f5 e5 17.Nb3 Nc4 18.Nd5 Bxd5 19.Rxd5 Bh6+ 20.Kb1 Ke7 21.Qh5 Qf8 22.Rd3
a5 23.Rdg3 Be3 24.Rd1 a4 25.Nc1 Bf4 26.Rc3 Rc8 27.Qe2 Qh6 { ...1-0, Efimenko
Zahar 2330 - Korobov Anton 2350 , Alushta 1998 Ch Ukraine (team) } ) 8...Nxf6
9.e5 b4 10.Na4 { +0.07 CAP } ( 10.Ncb5 dxe5 11.fxe5 axb5 12.exf6 Bd7 13.Bxb5
Bxb5 14.Nxb5 Qb6 15.Qe2 Rb8 16.a4 bxa3 17.Nxa3 gxf6 18.Nc4 Qc7 19.O-O {
1/2-1/2, Geenen Marc 2331 - Piceu Tom 2348 , Namur 8. 7.2006 Ch Belgium } )
10...Nd5 { N } ( 10...Ne4 11.Bd3 Bb7 12.e6 Qa5 13.exf7+ Kxf7 14.Bc4+ d5 15.Bb3
g6 16.Qe2 e6 17.O-O-O Bh6 18.Kb1 Rhe8 19.Rhf1 Bg7 20.Qe3 Re7 21.g4 Rae8 22.Ka1
Kg8 23.h4 e5 24.fxe5 Rxe5 25.Qd3 Nf6 26.Rg1 Re3 27.Qd2 Rh3 28.h5 Ne4 29.Qe2
Nd6 30.Qg2 { ...0-1, Lieutenant Georges 2012 - Pohla Harry 2335 , Huy 1991 It
(open) } ) ( 10...dxe5 11.fxe5 Qa5 12.exf6 Qxa4 13.Bc4 Ra7 14.Qh5 exf6
15.O-O-O Bd6 16.Nb5 Bf4+ 17.Kb1 Rb7 18.Rhe1+ Be5 19.Rxe5+ fxe5 20.Qxe5+ Be6
21.Nd6+ { 1-0, Bijaoui Manuel 2363 - Czakon Jakub 2484 , Montpellier 11.
7.2006 It (open) } ) ( 10...Bd7 11.exf6 Bxa4 12.Qf3 e6 13.f5 e5 14.Bc4 gxf6
15.Qb7 Be7 16.Nc6 Bxc6 17.Qxc6+ Kf8 18.Qd5 Qe8 19.a3 bxa3 20.Rxa3 Rg8 21.O-O
Rg4 22.Rh3 Kg7 23.Rff3 Rc8 24.Rhg3 Rg5 25.h4 Rxg3 26.Rxg3+ Kf8 27.b3 Bd8
28.Qd2 d5 29.Bxd5 Qb5 30.Qh6+ { ...1-0, Zelinsky Yuri 2181 - Govashelishvili
Genadij 2392 , corr. 1993 Ch URS (corr.) } ) ( 10...Qa5 11.Qf3 Nd5 12.Nb3 Qxa4
13.Qxd5 Rb8 14.exd6 Rb6 15.Qa8 Qc6 16.Qxc6+ Rxc6 17.dxe7 Bxe7 18.O-O-O O-O
19.Bd3 Bf6 20.Be4 Rc7 21.Rhe1 { 1/2-1/2, Kanovsky David 2271 - Jasny Stanislav
2266 , Olomouc 2002 It (open) } ) 11.Bc4 Bb7 { ? } ( 11...Nb6 12.Qf3 Nxa4
13.Qxa8 Nb6 14.Qf3 Qc7 15.Be2 dxe5 16.fxe5 Bb7 17.Qf2 Qxe5 18.O-O Qf6 { } )
12.e6 f5 13.Qf3 Qa5 14.Nb3 Qxa4 15.Bxd5 Bxd5 16.Qxd5 Rc8 17.Qxf5 g6 18.Qf7+
Kd8 19.O-O-O Qc6 20.Rd2 Rc7 21.Rhd1 Qe4 22.g4 g5 23.fxg5 Qe5 24.Nd4 Bg7 25.Qf3
Qc5 26.Nf5 Bxb2+ 27.Kb1 Be5 28.Nh6 Ke8 29.Ng8 { } {#r} 1-0

[Event "It (open)"]
[Site "masterchessopen.com Tilburg (Netherlands)"]
[Date "2007.08.18"]
[Round "3"]
[White "Sprangers Remco (NED)"]
[Black "Van Oosterom Chiel (NED)"]
[Result "0-1"]
[WhiteElo "2196"]
[BlackElo "2401"]

1.e4 c5 2.Nf3 d6 3.d4 cxd4 4.Nxd4 Nf6 5.Nc3 a6 6.Bg5 Nbd7 7.Bc4 Qa5 8.Bxf6
Nxf6 9.O-O e6 10.Re1 Be7 11.Nb3 Qc7 12.Bd3 O-O 13.f4 Nd7 14.Kh1 Bf6 15.Re3 g6
16.Qd2 Re8 17.Rf1 Bg7 18.Rh3 b5 19.Nd1 Rb8 20.c3 Bb7 21.Qe2 Rbc8 22.Nf2 Qb8
{#R} 0-1

[Event "Memorial A.Rubinstein (open) (a)"]
[Site "masterchessopen.com Polanica Zdroj (Poland)"]
[Date "2007.08.22"]
[Round "6"]
[White "Piorun Kacper (POL)"]
[Black "Kocwin Bartosz (POL)"]
[Result "1-0"]
[WhiteElo "2353"]
[BlackElo "2221"]

1.e4 c5 2.Nf3 d6 3.d4 cxd4 4.Nxd4 Nf6 5.Nc3 a6 6.Bg5 Nbd7 7.f4 Qb6 8.Nb3 h6
9.Bxf6 Nxf6 10.Qd2 e6 11.Be2 Be7 12.O-O-O Qc7 13.Kb1 b5 14.a3 Bb7 15.Qe3 O-O-O
16.Rhe1 Nd7 17.a4 bxa4 18.Nxa4 Kb8 19.Rd4 Rc8 20.Rc4 Qd8 21.Rb4 d5 22.Rxb7+
Kxb7 23.exd5 exd5 24.Bg4 Bb4 25.Bxd7 Qxd7 26.Qb6+ Ka8 27.Qxb4 Rb8 28.Nb6+ Ka7
29.Re7 Qxe7 30.Qxe7+ Kxb6 31.Qc5+ {#r} 1-0

[Event "It (juniors)"]
[Site "masterchessopen.com Reykjavik (Iceland)"]
[Date "2008.02.02"]
[Round "4"]
[White "Magnusson Patrekur Maron (ISL)"]
[Black "Berchtenbreiter Maximilian (GER)"]
[Result "0-1"]
[WhiteElo "1886"]
[BlackElo "2116"]

1.e4 c5 2.Nf3 d6 3.d4 cxd4 4.Nxd4 Nf6 5.Nc3 a6 6.Bg5 Nbd7 7.f4 b5 8.Qf3 Bb7
9.Bd3 Rc8 10.O-O-O Qa5 11.Nb3 Qc7 12.Rhe1 h6 13.Bh4 b4 14.Nd5 Nxd5 15.exd5 g5
16.fxg5 hxg5 17.Bxg5 Ne5 18.Qe4 Rxh2 19.Re2 Rh5 20.Bf4 Ng6 21.Qxb4 Nxf4 22.Rf2
Nxd3+ 23.Rxd3 Bh6+ 24.Kd1 Rh1+ 25.Ke2 Qxc2+ 26.Nd2 Qd1# 0-1

[Event "It (open) (b)"]
[Site "masterchessopen.com Moscow (Russia)"]
[Date "2008.02.08"]
[Round "7"]
[White "Siritsa Dmitry (RUS)"]
[Black "Gordievsky Dmitry (RUS)"]
[Result "1-0"]
[WhiteElo "2291"]
[BlackElo "2217"]

1.e4 c5 2.Nf3 d6 3.d4 cxd4 4.Nxd4 Nf6 5.Nc3 a6 6.Bg5 Nbd7 7.Bc4 Qa5 8.Qd2 e6
9.O-O-O b5 10.Bd5 exd5 11.Nc6 Qb6 12.exd5 Nc5 13.Bxf6 gxf6 14.Qf4 Bb7 15.Qxf6
Kd7 16.Kb1 b4 17.Ne2 Bxc6 18.dxc6+ Qxc6 19.Qxh8 Qe4 20.Qd4 Qxe2 21.Qxc5 Qe4
22.Qh5 Rc8 23.Qxf7+ Be7 24.Rhe1 {#r} 1-0

[Event "Ch Belgium (team) 2007/08"]
[Site "masterchessopen.com Belgium"]
[Date "2008.02.17"]
[Round "9"]
[White "Dutreeuw Marc (BEL)"]
[Black "Piceu Tom (BEL)"]
[Result "1-0"]
[WhiteElo "2388"]
[BlackElo "2379"]

1.e4 c5 2.Nf3 d6 3.d4 cxd4 4.Nxd4 Nf6 5.Nc3 a6 6.Bg5 Nbd7 7.Bc4 b5 8.Bd5 Nxd5
9.Nxd5 Bb7 10.O-O Nc5 11.Re1 h6 12.Bh4 g5 13.Bg3 e6 14.b4 Nxe4 15.Nxe6 fxe6
16.Rxe4 Kd7 17.Nc3 Bxe4 18.Nxe4 Kc6 19.Qf3 Kb6 20.Bxd6 Bxd6 21.Rd1 Bxb4
22.Rxd8 Raxd8 23.g3 Rhf8 24.Qb3 Ka5 25.c3 Be7 26.Qxe6 Rde8 27.Nd2 Rf6 28.Qd7
Rff8 29.Qc6 {#r} 1-0

[Event "Ch Romania"]
[Site "masterchessopen.com Cluj (Romania)"]
[Date "2008.02.25"]
[Round "1"]
[White "Berescu Alin (ROM)"]
[Black "Taras Dan (ROM)"]
[Result "1-0"]
[WhiteElo "2505"]
[BlackElo "2205"]

1.e4 c5 2.Nf3 d6 3.d4 cxd4 4.Nxd4 Nf6 5.Nc3 a6 6.Bg5 Nbd7 7.f4 b5 8.Qf3 Bb7
9.Bd3 Qb6 10.Nb3 e6 11.Bh4 Be7 12.Bf2 Qc7 13.a3 Nc5 14.O-O O-O 15.Rae1 Nxd3
16.cxd3 d5 17.e5 Nd7 18.d4 Rfc8 19.f5 Bxa3 20.bxa3 Qxc3 21.Re3 Qb2 22.Be1 Rc2
23.fxe6 fxe6 24.Qf7+ Kh8 25.Rg3 {#r} 1-0

[Event "Ch Poland (juniors) (under 18) (g)"]
[Site "masterchessopen.com Leba (Poland)"]
[Date "2008.03.30"]
[Round "2"]
[White "Makosa Sylwia (POL)"]
[Black "Demidowicz Maria (POL)"]
[Result "0-1"]
[WhiteElo "1809"]
[BlackElo "2093"]

1.e4 c5 2.Nf3 d6 3.d4 cxd4 4.Nxd4 Nf6 5.Nc3 a6 6.Bg5 Nbd7 7.Qd2 Qc7 8.O-O-O e6
9.f4 b5 10.g4 b4 11.Nce2 Nxe4 12.Qe3 Bb7 13.Rg1 Nxg5 14.fxg5 Be7 15.h4 O-O-O
16.Kb1 d5 17.c3 Qe5 18.Qd2 Kb8 19.cxb4 Rc8 20.Bg2 Nb6 21.Rgf1 Nc4 22.Qf4 Qxf4
23.Rxf4 Ne3 24.Rg1 Rhf8 25.Rf3 Nxg2 26.Rxg2 e5 27.Nf5 d4 28.Rgf2 Be4+ 29.Ka1
Bxf3 30.Rxf3 e4 {#R} 0-1

[Event "It \"]
[Site "masterchessopen.com Bad Homburg (Germany)"]
[Date "2008.05.24"]
[Round "6"]
[White "Koller Jens (GER)"]
[Black "Muheim Sebastian (SUI)"]
[Result "1-0"]
[WhiteElo "2245"]
[BlackElo "2121"]

1.e4 c5 2.Nf3 d6 3.d4 cxd4 4.Nxd4 Nf6 5.Nc3 a6 6.Bg5 Nbd7 7.f4 g6 8.Qd2 Bg7
9.O-O-O b5 10.e5 dxe5 11.Nc6 Qc7 12.Nxe7 Bb7 13.fxe5 b4 14.exf6 bxc3 15.Qe1
cxb2+ 16.Kb1 Bxf6 17.Nd5+ Qe5 18.Nxf6+ {#r} 1-0

[Event "Memorial R.Nezhmetdinov (open)"]
[Site "masterchessopen.com Kazan (Russia)"]
[Date "2008.06.01"]
[Round "1"]
[White "Furseev Evgeniy (BLR)"]
[Black "Mustakayev Artur (RUS)"]
[Result "0-1"]
[WhiteElo "1688"]
[BlackElo "2298"]

1.e4 c5 2.Nf3 d6 3.d4 cxd4 4.Nxd4 Nf6 5.Nc3 a6 6.Bg5 Nbd7 7.f4 g6 8.Qf3 Bg7
9.Bc4 O-O 10.O-O-O Nb6 11.Bb3 Bg4 12.Qf2 Bxd1 13.Kxd1 Rc8 14.f5 Nc4 15.Kc1 b5
16.Qf3 b4 17.Na4 Nd7 18.Rd1 Ndb6 19.Nxb6 Qxb6 20.Qd3 Ne5 21.Qe2 Rc7 22.fxg6
hxg6 23.Be3 Qb7 24.Bd5 Qc8 25.Bb3 Qg4 26.Qf2 Qxe4 27.Qd2 Ng4 28.Bg5 Rfc8 29.h3
Bxd4 30.Qxd4 Rxc2+ 31.Kb1 Rc1# 0-1